000
00337nam a2200157Ia 4500
005
20250423100020.0
008
250422s9999 xx 000 0 und d
020
_a
0-672-31372-3
100
_a
Parker Tim
245
0
_a
Linux
260
_b
Sams Publishing
260
_c
1998
300
_a
1114 p
650
_a
Soft Ware
942
_c
BK
999
_c
32027
_d
32027